¿ Afectan los cambios en el contexto intergrupal a la percepción de los medios de comunicación ? : un estudio longitudinal antes y después de las elecciones generales de 2004 (Record no. 144177)

MARC details
000 -CABECERA
campo de control de longitud fija 00732nab a2200217 a 4500
005 - FECHA Y HORA DE LA ÚLTIMA TRANSACCIÓN
campo de control 20210219160749.0
008 - ELEMENTOS DE LONGITUD FIJA--INFORMACIÓN GENERAL
campo de control de longitud fija 991125s1985 mx 000 0 spa u
035 ## - NÚMERO DE CONTROL DEL SISTEMA
Número de control de sistema UPN01000172073
100 1# - ASIENTO PRINCIPAL--NOMBRE PERSONAL
Nombre de persona Herrera, Marina
222 ## - TÍTULO CLAVE
Título clave REVISTA DE PSICOLOGIA SOCIAL
245 ## - MENCIÓN DE TÍTULO
Título ¿ Afectan los cambios en el contexto intergrupal a la percepción de los medios de comunicación ? : un estudio longitudinal antes y después de las elecciones generales de 2004
260 ## - PUBLICACIÓN, DISTRIBUCIÓN, ETC.
Lugar de publicación, distribución, etc. Madrid, España
300 ## - DESCRIPCIÓN FÍSICA
Extensión 29-40
362 0# - FECHAS DE PUBLICACIÓN Y/O DESIGNACIÓN SECUENCIAL
Fecha de publicación y/o designación secuencial 2009 Vol. 24, no. 1, ene.
653 0# - TERMINO DE INDIZACION - NO CONTROLADO
Término no controlado COMUNICACION
653 0# - TERMINO DE INDIZACION - NO CONTROLADO
Término no controlado IDENTIDAD SOCIAL
653 0# - TERMINO DE INDIZACION - NO CONTROLADO
Término no controlado RELACIONES INTERGRUPALES
700 1# - ASIENTO SECUNDARIO--NOMBRE DE PERSONAL
Nombre de persona Rodrigo, María Florencia,
700 1# - ASIENTO SECUNDARIO--NOMBRE DE PERSONAL
Término indicativo de función/relación coaut.
905 ## - TIPO DE MATERIAL
Tipo de material Articulo

No items available.